[Event "New York op"]
[Site "New York"]
[Date "1998.03.22"]
[Round "9"]
[White "Epishin, Vladimir"]
[Black "Ehlvest, Jaan"]
[Result "1-0"]
[WhiteElo "2590"]
[BlackElo "2610"]
[Annotator "Epishin,V"]
[PlyCount "133"]
[EventDate "1998.03.16"]
[EventType "swiss"]
[EventRounds "9"]
[EventCountry "USA"]
[SourceTitle "CBM 064"]
[Source "ChessBase"]
[SourceDate "1998.06.02"]
[SourceVersion "1"]
[SourceVersionDate "1998.06.02"]
[SourceQuality "1"]

1. d4 Nf6 2. c4 e6 3. Nf3 b6 4. g3 Ba6 5. Qb3 Nc6 6. Bd2 Bb7 7. Bc3 Ne4 8. a3
Nxc3 9. Qxc3 Qf6 $146 10. d5 (10. e4 $2 Nxd4 $1 11. Nxd4 Bxe4 12. f3 Bc5 $17)
10... Ne7 11. e4 Qxc3+ 12. Nxc3 a6 13. Bg2 g6 14. O-O Bg7 15. Rfe1 $1 h6 16. h4
$1 (16. Rad1 g5 17. e5 Ng6 $132) 16... O-O 17. Rad1 exd5 (17... d6 18. e5 $16)
18. cxd5 d6 19. e5 $1 (19. Nd4 Rfe8 20. f4 $2 Nxd5) 19... Rae8 (19... dxe5 $6
20. Nxe5 Z0 21. d6 $140 {[%csl Ra6,Rb6]}) 20. exd6 cxd6 21. Nd4 Nf5 22. Nc6 ({
After} 22. Nxf5 $2 gxf5 {[%csl Gg7] Black is better because of the pair of
bishops. Also, white has no good play anymore.}) 22... b5 23. a4 $1 $14 bxa4 (
23... Bxc3 24. bxc3 bxa4 25. Rxe8 Rxe8 26. Rb1 $1 Bc8 27. Ra1 Re2 28. Rxa4 Rc2
29. g4 $1 $18 (29. c4 Rc1+ 30. Bf1 Ne3 (30... Nxg3 31. Ne7+ Kf8 32. Nxc8 Nxf1
33. Nxd6 $16) 31. fxe3 Bh3 32. Kf2 Bxf1 33. c5 dxc5 34. d6 Bb5 (34... Bh3 35.
Rxa6 $14) 35. d7 Rf1+ 36. Kg2 Rd1 $19)) 24. Rxe8 Rxe8 25. Nxa4 h5 26. b4 Rc8
27. Nb6 Rc7 28. Nc4 Kf8 29. Rd3 $16 Bf6 (29... Z0 $140 30. Ra3 {[%csl Ra5,Ra6,
Rb6,Rd6][%cal Yg2f1,Yf1a6,Yg2h3]}) 30. N4a5 Bc8 31. Bh3 Bd7 32. Ra3 Bc8 33. Nc4
$138 Be7 34. Kh2 Bb7 35. N4a5 Bc8 36. Nb3 Bf6 37. Nba5 Bd7 38. Bf1 Bc8 39. Nb3
Bb7 40. Nba5 Bc8 41. Bd3 $2 (41. Kg2 Ne7 (41... Nd4 42. Nxd4 Bxd4 43. Nc6 $16)
42. Nxe7 Bxe7 43. Nc6 Bb7 44. Rxa6 $1 Bxa6 45. Bxa6 Ke8 46. b5 Bd8 47. b6 Rxc6
48. dxc6 Bxb6 49. Bc4 d5 50. Bxd5 Ke7 51. f4 f5 52. Kf3 $14 Ba7 $140 $4 53. Bf7
$18) 41... Nd4 42. Bf1 Nb5 $11 43. Re3 Nc3 44. Bg2 Bd7 45. Re1 Rc8 46. Kg1 Rc7
47. Bf3 $2 (47. Kh2 $11) 47... Bg4 $1 $15 48. Bxg4 hxg4 49. Re3 Nxd5 50. Rd3
Nc3 51. Rxd6 Ne4 52. Rd5 Kg7 53. Kg2 Bc3 54. Rd8 f5 55. f3 gxf3+ 56. Kxf3 Nd2+
57. Kf4 Nc4 58. Ra8 Nxa5 59. Nxa5 Bd2+ 60. Kf3 Bxb4 61. Rxa6 Rc3+ 62. Kg2 Kh6
$2 63. Nc6 Bd6 64. Nd4 $1 Bxg3 $4 (64... Be5 65. Nxf5+ Kh5 $11) 65. Nxf5+ Kh5
66. Nxg3+ Kh6 (66... Kxh4 67. Ra4+) 67. h5 1-0

[Event "Hoogovens"]
[Site "Wijk aan Zee"]
[Date "1992.01.??"]
[Round "6"]
[White "Van Wely, Loek"]
[Black "Kortschnoj, Viktor Lvovich"]
[Result "0-1"]
[WhiteElo "2560"]
[BlackElo "2585"]
[Annotator "Ernst,T"]
[PlyCount "114"]
[EventDate "1992.01.??"]
[EventType "tourn"]
[EventRounds "13"]
[EventCountry "NED"]
[EventCategory "14"]
[SourceTitle "CBM 028"]
[Source "ChessBase"]
[SourceDate "1992.06.01"]
[SourceVersion "1"]
[SourceVersionDate "1992.06.01"]
[SourceQuality "1"]

1. d4 Nf6 2. Nf3 e6 3. c4 b6 4. g3 Ba6 5. b3 Bb7 6. Bg2 Bb4+ 7. Bd2 a5 8. O-O
O-O 9. Nc3 Ne4 10. Nxe4 Bxe4 11. Bxb4 axb4 12. Qd2 Qe7 13. Qf4 d5 14. Rfc1 c5
15. cxd5 exd5 (15... Bxd5 16. Ne5 Bxg2 17. Kxg2 Ra5 18. dxc5 bxc5 19. Rc2 $16 {
Timman - Hübner, Sarajevo 1991.}) 16. Qe3 Nd7 17. Bh3 f5 18. Ne1 g5 19. Qd2 (
19. f3 f4 20. Qf2 Bf5 21. Bxf5 Rxf5 22. Rc2 $14) 19... g4 20. Bf1 f4 21. gxf4
cxd4 22. Ng2 Qf6 23. Qxb4 Nc5 24. Rd1 Bc2 25. Rdc1 Be4 26. Rd1 Bc2 27. Rdc1 d3
28. exd3 Bxd3 (28... Nxb3 29. axb3 Rxa1 30. Rxc2 $14) 29. a4 Be4 30. a5 Ne6 31.
Qxb6 Nd4 32. Ne1 (32. Qxf6 Nf3+ 33. Kh1 Rxf6 $40) 32... Qg7 33. Rc7 $2 {
Hier wäre 33.Ta4! sehr stark gewesen, aber Van Wely war wahrscheinlich in
Zeitnot.} Ne2+ 34. Bxe2 Qxa1 35. Kf1 Rxf4 36. Qe6+ (36. a6 Raf8 37. a7 d4 $40)
36... Kh8 37. Rf7 Rxf7 38. Qxf7 Qg7 39. Qxg7+ $2 (39. Qe6 $13) 39... Kxg7 $19
40. b4 d4 41. a6 d3 42. Bxd3 Bxd3+ 43. Nxd3 Rxa6 44. Kg2 Ra3 45. Nf4 Rb3 46. h3
Rxb4 47. Kg3 gxh3 48. Nxh3 Kf6 49. f3 Kf5 50. Nf2 Rb6 51. Nh3 Rg6+ 52. Kf2 Rg8
53. Ng1 Kg5 54. Kg3 Kh5+ 55. Kh2 Kh4 56. Nh3 Rf8 57. Kg2 Ra8 0-1

[Event "ISR-ch"]
[Site "Tel Aviv"]
[Date "2002.12.01"]
[Round "7"]
[White "Lerner, Konstantin Z"]
[Black "Gershon, Alik"]
[Result "1-0"]
[WhiteElo "2504"]
[BlackElo "2562"]
[Annotator "Finkel,A"]
[PlyCount "87"]
[EventDate "2002.11.24"]
[EventType "swiss"]
[EventRounds "9"]
[EventCountry "ISR"]
[SourceTitle "CBM 093"]
[Source "ChessBase"]
[SourceDate "2003.04.01"]
[SourceVersion "1"]
[SourceVersionDate "2003.04.01"]
[SourceQuality "1"]

1. d4 Nf6 2. Nf3 e6 3. c4 b6 4. g3 Ba6 5. b3 Bb4+ 6. Bd2 Be7 7. Bg2 c6 8. Bc3
d5 9. Nbd2 O-O 10. Ne5 Nfd7 11. Nd3 Nf6 (11... b5 12. O-O bxc4 13. bxc4 Bxc4
14. Nxc4 dxc4 15. Nb2 Nb6 16. e4 Na6 $13 {Lalev,D-Farago,I/Albena 1983}) (11...
Bb7 12. e4 dxc4 13. Nxc4 c5 14. dxc5 Nxc5 15. Nxc5 Bxc5 16. O-O Qe7 17. Qg4 f5
18. Qf4 fxe4 19. Qg4 Nd7 20. Bxe4 Bxe4 21. Qxe4 Nf6 22. Qe2 $14 {Titov,
G-Slabek,A/Katowice 1991}) 12. e4 (12. Ne5 Nfd7 13. Nd3 Nf6 14. Ne5 {1/2-1/2
Temirbaev,S-Novikov,I/Kujbyshev 1986/MCL (14)}) 12... dxe4 $6 {Dubious
decision leading to white's advantage.} (12... Nbd7 13. O-O Rc8 14. Re1 c5 15.
exd5 exd5 16. dxc5 bxc5 17. Qe2 Re8 18. Bxd5 Nxd5 19. cxd5 Nf6 20. Bxf6 Bxf6
21. Qxe8+ Qxe8 22. Rxe8+ Rxe8 23. Re1 Rxe1+ 24. Nxe1 $14 {Lputian,S-Portisch,L/
Manila 1990}) 13. Nxe4 Bb7 14. Ne5 Qc7 15. Qf3 $1 $14 {Main problem of black
in this position is his incapability to transfer c5.} Nbd7 16. Nxf6+ (16. Nxc6
$6 Kh8 17. Nd2 Rac8 18. d5 Bxc6 19. dxc6 Ne5 20. Qe2 Nxc6 $13) 16... Bxf6 (
16... Nxf6 $2 17. Nxc6 Kh8 18. O-O Rac8 19. d5 $16) 17. Ng4 Be7 18. O-O f5 ({
An attempt to push c5 also didn't promise black an easy life since white is
ready to meet it with d5:} 18... Rab8 19. Rad1 c5 $5 20. d5 exd5 21. cxd5 Bd6
22. Nh6+ Kh8 23. Qh5 $16 {[%csl Rf7,Rh8][%cal Gg2e4]}) 19. Ne3 ({Of course not
} 19. Ne5 $6 Nxe5 20. dxe5 Rab8 $11 {and black equalizes with c5.}) 19... Bf6 (
19... Nf6 20. Rad1 Ne4 21. Bb2 Bf6 22. Ng4 $14) 20. Rac1 Rad8 21. Qe2 Nb8 $6 {
Too pasive.It was necessary to look for counterplay with c5.} (21... c5 $5 22.
d5 Bxc3 23. Rxc3 Rde8 24. Rd1 exd5 25. cxd5 Qe5 $132) 22. Rfd1 g6 23. Qb2 Qg7
24. b4 $1 Rf7 {Missing the last chance to push c5.} (24... c5 $5 25. dxc5 (25.
bxc5 Bxg2 26. Kxg2 bxc5 27. d5 e5 $14) 25... Rxd1+ 26. Nxd1 Bxg2 27. Kxg2 bxc5
28. Bxf6 Rxf6 29. bxc5 $14) 25. Qb3 $1 {[%cal Gd4d5]} Bxd4 26. c5 e5 27. Nc4
$16 {[%cal Gc4d6] Black pieces took very simple positions while white ones are
placed just about perfectly.} Kf8 28. Nd6 Re7 29. Bxd4 exd4 30. Rc4 ({Not so
bad was} 30. Qb2 $5 d3 31. Qxg7+ Kxg7 32. Rxd3 Red7 33. a3 $16 {[%csl Rb7,Rb8]}
) 30... d3 31. Rcc1 bxc5 32. bxc5 Ba6 33. Bf1 Nd7 34. Qa3 d2 35. Rxd2 Bxf1 36.
Kxf1 Qh6 37. f4 Qh3+ $6 {[%csl Rh3]} (37... Nf6 38. Kg1 Qh5 39. Qb2 Ng8 $16 {
[%cal Gh5h6,Gh6g7]}) 38. Kg1 h5 39. Qb2 Kg8 40. Re2 $1 $18 Rg7 41. Rce1 Qg4 42.
Re7 Rxe7 43. Rxe7 Qd1+ 44. Kg2 1-0

[Event "EU-chT (Men) 15th"]
[Site "Gothenburg"]
[Date "2005.08.07"]
[Round "9.2"]
[White "Lautier, Joel"]
[Black "Markus, Robert"]
[Result "1-0"]
[WhiteElo "2672"]
[BlackElo "2591"]
[Annotator "Finkel,A"]
[PlyCount "45"]
[EventDate "2005.07.30"]
[EventType "team-swiss"]
[EventRounds "9"]
[EventCountry "SWE"]
[SourceTitle "CBM 109"]
[Source "ChessBase"]
[SourceDate "2005.11.14"]
[SourceVersion "1"]
[SourceVersionDate "2005.11.14"]
[SourceQuality "1"]
[WhiteTeam "France"]
[BlackTeam "Serbia & Montenegro"]
[WhiteTeamCountry "FRA"]
[BlackTeamCountry "YUG"]

{This is a very short, but a very eventful game with a lot of interesting
variations.} 1. d4 Nf6 2. c4 e6 3. Nf3 b6 4. g3 Ba6 5. Qb3 Nc6 6. Nbd2 Na5 7.
Qc3 d5 (7... c5 8. dxc5 bxc5 9. e4 Bb7 10. e5 Ne4 11. Nxe4 Bxe4 12. Bg2 Nc6 13.
O-O Rb8 14. Ng5 Bxg2 15. Kxg2 Qc7 16. Re1 Be7 $11 {Van Wely,L-Gelfand,B/Monte
Carlo 2005}) 8. c5 (8. b3 c5 9. dxc5 bxc5 10. e3 Be7 11. Bb2 Qb6 12. Bg2 O-O
13. Ne5 Rad8 $13 {Martinovic,S-Tosic,M/Pirot 2004}) (8. cxd5 Nxd5 9. Qc2 c5 10.
a3 Rc8 11. dxc5 Rxc5 12. Qd1 Rc8 13. e4 Bxf1 14. Kxf1 Nf6 $11 {Riazantsev,
A-Mchedlishvili,M/Dubai 2005}) {This move is a novelty, but hardly a good one.}
8... c6 $6 (8... Be7 9. e3 $6 Bxf1 10. Kxf1 Qd7 11. a4 Nc6 12. Ne5 Nxe5 13.
dxe5 d4 14. exd4 Qc6 $44 {Van Wely,L-Hracek,Z/Germany 2004}) 9. b4 Nc4 (9...
Nb7 $6 {[%csl Rb7]}) 10. Nxc4 dxc4 $5 {Of course it's more natural to take on
c4 with the bishop, but it also doesn't promise black an easy life.} (10...
Bxc4 11. Ne5 a5 12. Nxc4 (12. Nxc6 $2 Qc8 13. Ne5 axb4 14. Qxb4 bxc5 $17) 12...
axb4 13. Qxb4 bxc5 (13... dxc4 14. Qxb6 Qxb6 15. cxb6 Bb4+ 16. Kd1 Ng4 17. Kc2
Nxf2 18. Rg1 $14) 14. Qb7 (14. dxc5 dxc4 15. Bg2 Nd5 16. Qb7 Qa5+ 17. Bd2 Qa4
$132) 14... dxc4 15. Bg2 Rc8 16. Bxc6+ Nd7 17. d5 $16) 11. Qc2 (11. Bg2 $5 Nd5
12. Qb2 bxc5 13. bxc5 $1 (13. dxc5 c3 14. Qa3 Bb5 15. e4 Nf6 16. Qxc3 Nxe4 17.
Qd4 $14) 13... Qa5+ 14. Qd2 c3 15. Qd1 Rd8 16. O-O $14) 11... Nd5 12. Bd2 Qf6
13. Rc1 $1 {White's position is strategically winning. All he has to do is to
pay attention to the tactics.} (13. Bg2 $143 $6 bxc5 14. bxc5 Bxc5 15. O-O Bxd4
(15... Bb6 16. e4 Nc7 17. Bg5 Qg6 18. Bf4 $16) 16. Bg5 Bxa1 17. Bxf6 Bxf6 18.
e4 $14) 13... Be7 14. Bg2 Qg6 15. Ne5 $6 ({More in the spirit of the position
was} 15. e4 $1 c3 16. Bxc3 $5 (16. Ne5 cxd2+ 17. Qxd2 Qh5 (17... Qh6 18. Qxh6
gxh6 19. exd5 cxd5 20. a4 $16) 18. exd5 cxd5 19. h4 $16 {[%csl Rh5]}) 16... Nf4
(16... Nxc3 $6 17. Ne5 $1 Qh5 18. Bf3 $16) 17. Bf1 Bxf1 18. Kxf1 Qh5 19. Ng1
$16 {and white is just a pawn up.}) 15... Qxc2 16. Rxc2 Bf6 17. Nxc6 $2 {
A mistake giving away a major part of white's advantage.} (17. e4 Bxe5 18. dxe5
Ne7 19. Be3 b5 20. Ke2 $16) 17... Kd7 18. a4 $6 {I guess white was counting on
this move, but it leads to black's advantage.} (18. Ne5+ Bxe5 19. dxe5 bxc5 20.
bxc5 Rab8 $132) 18... Kxc6 19. b5+ Bxb5 20. axb5+ Kxb5 21. e4 {The crucial
moment in the game. With his next move black throws away a game, blundering
that his king is in the mating net, while after correct 21...B:d4! white would
be the one who had to fight for survival.} Nc7 $4 (21... Bxd4 $1 22. exd5 Kxc5
23. dxe6 Rae8 24. Bh3 fxe6 $132 {[%cal Gb6b3]}) 22. e5 Be7 23. Rb2+ (23. Rb2+
Ka4 24. Ke2 Ka3 25. Bc3) 1-0

[Event "Lvov Cup of Galychina"]
[Site "Lvov"]
[Date "2001.12.22"]
[Round "5"]
[White "Maksimenko, Andrei"]
[Black "Romanishin, Oleg M"]
[Result "1/2-1/2"]
[WhiteElo "2495"]
[BlackElo "2575"]
[Annotator "Finkel,A"]
[PlyCount "58"]
[EventDate "2001.12.18"]
[EventType "tourn"]
[EventRounds "11"]
[EventCountry "UKR"]
[EventCategory "11"]
[SourceTitle "CBM 087"]
[Source "ChessBase"]
[SourceDate "2002.03.21"]
[SourceVersion "1"]
[SourceVersionDate "2002.03.21"]
[SourceQuality "1"]

1. d4 Nf6 2. c4 e6 3. Nf3 b6 4. g3 Ba6 5. Qa4 Be7 6. Bg2 O-O 7. Nc3 c6 8. Bf4
b5 $5 {Romanishin is very original player with a lot of intereting ideas in
the opening. This game is very typical for the advanterous style of Ukrainian
player.} (8... Qc8 9. O-O d5 10. Ne5 Qb7 11. cxd5 (11. Rfc1 Rc8 12. cxd5 cxd5
13. Nb5 Bxb5 14. Rxc8+ Qxc8 15. Qxb5 $14 {Trifunovic,P-O'Kelly de Galway,A/
Beverwijk 1963/MCL}) 11... cxd5 12. Rfc1 (12. Rfe1 b5 13. Qb3 b4 14. Na4 Rc8
15. Rac1 Nbd7 16. Nxd7 Nxd7 17. e4 Rxc1 18. Bxc1 Bc4 $15 {Euwe,M-Matanovic,A/
Beverwijk 1958/MCD}) 12... b5 13. Qd1 Nbd7 14. a3 Rfc8 15. Nd3 Qb6 16. e3 Bb7
17. b4 $14 {Ivkov,B-Bertholdt,D/Munich 1958/MCD}) (8... d6 9. Rc1 Qc8 10. O-O
Nbd7 11. Rfd1 Bb7 12. e4 $14 {Portisch,L-Smyslov,V/Amsterdam 1964/IZT}) 9. cxb5
cxb5 10. Nxb5 Nd5 11. Nc3 Nxc3 $5 {This move seems to be a novelty. Much more
logical is 11...N:f4 getting rid of white bishop, but after 11...N:f4 white
gets better chanses in almost all variations,so Romanishin prefers to exchange
the knight defending the pawn on e2 in order to keep white king in the center.}
(11... Nxf4 12. gxf4 Qb6 (12... d5 13. O-O Bd6 (13... Qb6 14. Rab1 Nc6 15. Rfc1
Rfc8 16. Bf1 Rab8 17. Qd1 Qa5 $44 {Benko,P-Mista,L/Reggio Emilia 1970/EXT 2000}
) 14. f5 Qf6 15. Rfe1 Qxf5 16. e4 Qg6 17. exd5 Bc8 18. Ne5 Bxe5 19. dxe5 $16 {
Sorin,A-Ricardi,P/Villa Martelli 1998/EXT 99}) 13. Qb3 Bb4 14. Ne5 d5 15. a3
Bxc3+ 16. Qxc3 Rc8 17. Qd2 Nc6 18. Nxc6 Qxc6 19. Bf3 $16 {Ivkov,B-Taimanov,M/
Leningrad 1964/EXT 2001}) 12. bxc3 d5 13. Nd2 $1 (13. Bxb8 $6 Qc8 $8 14. Rb1
Qxc3+ 15. Kf1 Raxb8 $17 {[%csl Rf1]}) (13. Qc2 $5 Nd7 14. O-O Rc8 15. Rfc1 Qa5
$44 {[%csl Rc3][%cal Ge7a3]}) 13... Qc8 14. c4 Nd7 15. c5 (15. cxd5 $6 Nb6 16.
Qc6 Nxd5 17. Qxc8 Raxc8 $15) 15... g5 $5 {Intending to bring a rook to b2 via
b8.} 16. Be3 Rb8 17. f4 Bb5 18. Qa3 gxf4 19. gxf4 ({Too dangerous is} 19. Bxf4
$6 e5 20. Qe3 $5 Re8 21. Bxe5 Nxe5 22. Qxe5 Bd8 23. Qxd5 Rxe2+ 24. Kd1 Qa6 $40
{[%csl Rd1] and white king doesn't feel safe on d1.}) 19... Kh8 20. Rg1 f5 21.
Nf3 a6 $5 {Preparing Nb6!} 22. Bf2 $6 {[%cal Gf2h4]} (22. Qc1 $1 $16) 22... Nb6
$1 $132 23. Ng5 Nc4 24. Qc3 $6 {Wasting precious time.} (24. Qh3 $1 Bxg5 25.
fxg5 Qd8 26. Bf3 Qa5+ 27. Kf1 Qc3 28. Rd1 $14) 24... Bd8 {[%cal Gd8a5]} 25. Qh3
Ba5+ 26. Kf1 Nd2+ 27. Ke1 Ne4+ (27... Qb7 $5 $36) 28. Kf1 Nd2+ 29. Ke1 Ne4+
1/2-1/2

[Event "USA-ch"]
[Site "Seattle"]
[Date "2003.01.10"]
[Round "2"]
[White "Gurevich, Dmitry"]
[Black "Shabalov, Alexander"]
[Result "1/2-1/2"]
[WhiteElo "2492"]
[BlackElo "2613"]
[Annotator "Finkel,A"]
[PlyCount "109"]
[EventDate "2003.01.09"]
[EventType "swiss"]
[EventRounds "9"]
[EventCountry "USA"]
[SourceTitle "CBM 093"]
[Source "ChessBase"]
[SourceDate "2003.04.01"]
[SourceVersion "1"]
[SourceVersionDate "2003.04.01"]
[SourceQuality "1"]

1. d4 Nf6 2. c4 e6 3. Nf3 b6 4. g3 Ba6 5. b3 d5 6. Bg2 dxc4 7. Ne5 Bb4+ 8. Kf1
Bd6 {Shabalov is known for his uncompromising style of playing. Even in such a
solid opening as Queeens Indian defense he finds a way to complicate matters
right out of the opening.} (8... Nfd7 9. Nxc4 c6 10. Bb2 O-O 11. Nbd2 b5 12.
Ne3 Bb7 $14 {Karpov-Timman, matchgame 8, Malaysia 1990.}) 9. Nxc4 (9. Bf4 Bxe5
10. Bxe5 c6 11. bxc4 O-O 12. Na3 Ng4 13. Bf4 Qe7 14. Qd3 Rd8 15. Bf3 Nf6 16.
Kg2 Bb7 17. Qc3 c5 $132 {Pelletier,Y-Atlas,V/Zuerich 1992}) (9. Nd2 Bxe5 10.
dxe5 Ng4 11. h3 Nxe5 12. Bxa8 c3 13. Qc2 cxd2 14. Bxd2 O-O 15. Rd1 c5 16. Bc3
Qc7 17. Bg2 Nbc6 18. f4 Ng6 19. Kf2 $16 {Ivanchuk,V-Motwani,P/Manila 1992})
9... Nd5 10. Nxd6+ (10. Bb2 O-O (10... Be7 11. Nbd2 O-O 12. Bf3 Nd7 13. Kg2 c5
14. dxc5 Nxc5 15. Ne4 Nxe4 16. Bxe4 Rc8 $11 {Sturua,Z-Leko,P/Bled 2002}) 11.
Kg1 Nc6 12. Nbd2 Bb4 13. Qc2 b5 14. Ne3 Nce7 15. a3 Nxe3 16. fxe3 Bxd2 17. Qxd2
c5 $132 {Lengyel,L-Zaitsev,I/Graz 1979}) (10. Bf3 Nc6 (10... O-O 11. e4 c6 12.
Kg2 Ne7 13. Nxd6 Qxd6 14. Ba3 Qd7 15. Qd2 Rd8 16. Rd1 Bb7 17. Qe3 Na6 18. Nd2
$14 {Mecking,H-Vescovi,G/Sao Paulo 2000}) (10... f5 11. Kg2 Nc6 12. Bb2 O-O 13.
Nbd2 Nce7 14. Re1 Qd7 15. e4 fxe4 16. Nxe4 h6 $13 {Andonovski,L-Bojkovic,N/
Skopje 2002}) 11. Kg2 O-O 12. Bb2 b5 13. Ne3 Nxe3+ 14. fxe3 Ne7 15. e4 c5 $13 {
Pytel,K-Kengis,E/Jurmala 1983}) (10. Qd2 Nc6 11. Nxd6+ cxd6 12. Nc3 Nce7 13.
Nxd5 Nxd5 $14 {Nikolic,P-Gelfand,B/Tilburg 1990}) (10. e4 Ne7 11. Bb2 Nbc6 12.
Nbd2 b5 13. Nxd6+ cxd6 14. Kg1 O-O 15. h4 $14 {Tratar,M-Podlesnik,B/Grize 2001}
) 10... Qxd6 $146 {Very logical continuation for some reason never tried
before.} (10... cxd6 11. Bf3 (11. Bb2 Nd7 12. Nc3 N7f6 13. Bf3 O-O 14. Kg2 Nxc3
15. Bxc3 Nd5 16. Bb2 f5 $11 {Chuchelov,V-Genov,P/Berlin 1993}) 11... O-O (11...
Nd7 12. Kg2 f5 13. Qd2 N7f6 14. Nc3 Bb7 15. Nxd5 Bxd5 $11 {Stotika,
V-Shaposhnikov,E/St Petersburg 2001}) 12. Kg2 Nc6 (12... Bb7 13. e4 Nc7 14. Nc3
Qd7 15. Be3 Nc6 16. Qe2 $14 {Gorbunov,A-Tomashevsky,E/Rybinsk 2001}) 13. Bb2
Rc8 14. Qd2 Qd7 15. Rc1 Nf6 16. Na3 d5 17. Nc2 Ne4 $13 {Wohlmann,E-Reichmann,E/
Austria 1993}) 11. Kg1 $6 {This move is just too slow. White had to fight for
advantage by playing} (11. Bf3 Nc6 12. Kg2 Rd8 13. Ba3 Qd7 14. Qd2 {[%cal
Gd2g5]} e5 15. dxe5 $1 (15. Qg5 f6 16. Qh4 Kf7 17. e4 Nde7 18. d5 Nd4 19. Bg4
f5 $15) 15... Nxe5 16. Nc3 $1 Nxf3 17. exf3 c5 18. Rhe1+ Kf8 19. Rad1 Bb7 20.
b4 $36) 11... Nc6 12. Bb2 $6 Rd8 13. Nd2 O-O 14. Nf3 Nde7 15. Qe1 $6 (15. Qc2)
15... f6 $15 {[%cal Ge6e5] White pieces lack coordination while black is ready
for the break in the center.} 16. h3 e5 17. e3 (17. dxe5 fxe5 18. Kh2 Nd4 19.
Nxd4 exd4 20. e3 Nf5 21. Rd1 c5 $15) 17... exd4 18. Nxd4 Ne5 {[%cal Ge5d3]} 19.
Kh2 c5 20. Nf3 Nd3 $6 {Inaccuracy permitting white to equalize.} (20... Bb7 $1
21. Nxe5 (21. Qe2 Qd3) 21... Bxg2 22. Kxg2 fxe5 23. Qe2 Qd2 24. Rhe1 e4 25.
Qc4+ Qd5 $15) 21. Qd2 Qc7 (21... Bb7 $5) 22. Qc2 Nb4 23. Qc1 h5 $5 24. Rd1 $6 (
24. Bc3 $142 Nd3 25. Qc2 Nf5 26. e4 Ne7 27. Rhd1 $13) 24... Rxd1 25. Qxd1 Rd8
26. Qc1 Nf5 27. e4 Nd3 28. Qc2 Nd6 29. e5 Ne4 30. Nd4 $2 {Very nice move,
however a bad one! White had to take on f6 with complicated position in which
white's chances are not worse.} (30. exf6 $142 $1 gxf6 (30... Ndxf2 $2 31. Be5
$16) 31. Ne1 Ndxf2 (31... Nexf2 $6 32. Nxd3 Nxd3 33. Bxf6 $16) 32. Bxe4 Nxe4
33. Qxe4 Rd2+ 34. Ng2 Bb7 35. Qe8+ Kh7 (35... Kg7 $2 36. Bxf6+ $18) 36. Qxh5+
Kg8 37. Qg6+ Qg7 38. Qe8+ $11) 30... Nxb2 $1 31. Ne6 Qxe5 32. Nxd8 Nd3 33. Bxe4
Qxe4 $17 34. b4 $8 {[%cal Gc2a4] Only chance to save the knight.} h4 35. Rg1
Qe8 36. bxc5 Qxd8 (36... bxc5 $5 37. Nb7 $8 {[%cal Gc2b3]} c4 38. Na5 Qb5 39.
Qc3 Qe5 $1 40. Qxe5 fxe5 $17) 37. Rd1 Qc7 $6 {For some reason black deviates
from logical} (37... hxg3+ 38. fxg3 bxc5 39. Qxc5 Qd7 40. Qe3 Qd5 $19 {with
winning position.}) 38. Qb3+ Kh8 39. Rxd3 Bxd3 40. Qxd3 bxc5 41. Qc4 hxg3+ 42.
fxg3 Qc6 (42... g6 43. h4 Kg7 44. a4 f5 $17) 43. h4 Qd6 44. Kg2 Qe5 45. a4 Kh7
46. a5 Kg6 47. Qd3+ f5 48. Kf3 Kh5 $6 (48... Qe6 $5) 49. Qc4 g6 (49... Qe4+ 50.
Qxe4 fxe4+ 51. Kxe4 Kg4 52. Kd5 Kxg3 53. Kxc5 Kxh4 54. Kc6 g5 55. Kb7 g4 56.
Kxa7 g3 57. Kb7 g2 58. a6 g1=Q 59. a7 $11) 50. Qf7 Qe4+ 51. Kf2 c4 52. Qxa7 $11
Qc2+ (52... c3 $2 53. Qe3 $1) 53. Kf3 Qe4+ 54. Kf2 Qc2+ 55. Kf3 1/2-1/2